| 000 | 01032nam a2200217 i 4500 | ||
|---|---|---|---|
| 001 | 97348 | ||
| 003 | ES-MaACL | ||
| 005 | 20240312062539.0 | ||
| 007 | t| | ||
| 008 | 050711s1915 sp 001 0 spa d | ||
| 100 | 1 |
_aMarañón, Gregorio, _d1887-1960 _976311 |
|
| 245 | 1 | 3 |
_aLa doctrina de las secreciones internas _b: su significación biológica y sus aplicaciones a la patología / _cpor G. Marañón. |
| 260 |
_a[Madrid] : _bBiblioteca Corona, _c1915. |
||
| 300 |
_a232 p. ; _c16 cm. |
||
| 594 | _aEn proemio: "Con el título 'Significación biológica de la doctrina de las secreciones internas', di un corto número de lecciones, durante el pasado invierno, en la Sección de Ciencias Naturales del Ateneo de Madrid. Estas lecciones constituyen el fundamento de la presente monografía" | ||
| 610 | 2 | 4 |
_aAteneo de Madrid- _vConferencias- _y1900-1939 _91907 |
| 650 | 4 |
_aEndocrinología. _9144424 |
|
| 710 | 2 |
_aAteneo de Madrid. _bSección de Ciencias Naturales. _9139161 |
|
| 852 | 4 |
_aES-MaACL _jE-312 |
|
| 999 |
_c97348 _d97348 |
||